Slovo verejnej správy časopis zamestnancov ONV v Prievidzi

Bibliographic Details
Corporate Author: Prievidza Okresný národný výbor (Publisher)
Other Authors: Uhliar, Štefan (Publishing director)
Format: Journal
Language:Slovak
PhysicalDescription:1 roč. 30 x 21 cm
Published: Prievidza Závodná rada pri ONV v Prievidzi 1952
Subjects:

MARC

LEADER 00000nas a22000001a 4500
001 vtls010302213
003 SK-MaSNL
005 20260228163401.0
008 110810d19521952xo mr p r 0 b0slo
015 |a SNBDS17XX9999 
015 |a 1454  |2 Balúnová 1945-60 
038 |a SNKBUDS 
040 |a SNK  |b slo  |c SNK  |e AACR2 
041 0 |a slo 
044 |a xo  |c SK 
080 |a 352  |2 2001 
245 0 0 |a Slovo verejnej správy  |b časopis zamestnancov ONV v Prievidzi 
260 |a Prievidza  |b Závodná rada pri ONV v Prievidzi  |c 1952 
300 |a 1 roč.  |c 30 x 21 cm 
310 |a 1x mesačne 
362 0 |a Roč. I, č. 1 (1.5.1952)-č. 2 (1952) 
500 |a Vych. v Prievidzi mesačne 
500 |a Zodp. red. Štefan Uhliar s red. kruhom 
500 |a Vyd. Závodná rada pri ONV v Prievidzi 
500 |a Tlač. rozmnož. cyklostylom 
500 |a Vych. od 1. mája 1952. Čas. predkladá úlohy na jednotlivých odboroch ONV 
505 8 0 |g Roč. I. 1952 2 č. po 6 s. 
650 0 7 |a národné výbory  |2 SNKPH  |9 59059 
655 7 |a informačné časopisy  |2 SNKBUDS  |9 267527 
700 1 |a Uhliar, Štefan  |4 pbd  |9 273843 
710 1 |a Prievidza  |b Okresný národný výbor  |e vydav.  |9 273844 
852 |a SNK  |b 10000  |h ČSB 1186 
852 |a SVKKK  |b 900000  |h C 2977 
999 |c 9342  |d 11272